| 000 | 00939cam a2200265 4500 | ||
|---|---|---|---|
| 001 | ABS68480 | ||
| 008 | 041123n2004 000 0 eng u | ||
| 035 | _a(Sirsi) u128084 | ||
| 100 | _aBlake, A. | ||
| 245 | _aNon-food crops | ||
| 260 | _c2004 | ||
| 490 |
_aFarmers' Weekly _v141(20) 12 November 2004, 50-55(4) |
||
| 520 | _aSeries of short articles on the use of non-food crops. The UK lags behind other countries in developing non-food crops commercially despite government encouragement and potentially vast markets. Looks at some of the markets and encouragement for farmers to move into non-food crops. | ||
| 590 | _aABS | ||
| 590 | _aABS | ||
| 650 | _aBIOMASS ENERGY | ||
| 650 | _aNON-FOOD CROPS | ||
| 650 | _aFARMING PRACTICES | ||
| 650 | _aALTERNATIVE ENERGY | ||
| 650 | _aENERGY RESOURCES | ||
| 650 | _aENVIRONMENTAL ISSUES | ||
| 690 | _aRURAL-AGRICULTURE AND FORESTRY | ||
| 700 | _aLong, E. | ||
| 942 | _n0 | ||
| 999 |
_c118352 _d118352 |
||